000 00376pab a2200133 454500
008 180718b1991 xxu||||| |||| 00| 0 eng d
245 _aSpecial issue - papers and proceedings of the seminar on Alternative Manpower Planning Structures
260 _c1991
300 _a1-96
362 _aJan.-Mar.
650 _aManpower Policy
773 _aManpower Journal
909 _a13498
999 _c13498
_d13498